| 000 | 01139cam a2200313 a 4500 | ||
|---|---|---|---|
| 008 | |||
| 020 | _a0070542996(pbk,) | ||
| 049 | _aMAIN | ||
| 050 | 0 | 0 |
_aTK7836 _fHAR |
| 245 | 0 | 0 |
_aElectronic materials and processes handbook / _c[editors], Charles A. Harper, Ronald N. Sampson. |
| 250 | _a2nd ed. | ||
| 260 |
_aNew York : _bMcGraw-Hill, _cc1994. |
||
| 300 |
_a1 v. (various pagings) : _bill. ; _c24 cm. |
||
| 440 | 0 | _aElectronic packaging and interconnection series | |
| 500 | _aCover title: Electronic materials & processes handbook. | ||
| 504 | _aIncludes bibliographical references. | ||
| 500 | _aIncludes Index. | ||
| 650 | 0 |
_aElectronics _xMaterials _xHandbooks, manuals, etc. |
|
| 650 | 0 |
_aManufacturing processes _xHandbooks, manuals, etc. |
|
| 650 | 0 |
_aElectronic apparatus and appliances _xMaterials _xHandbooks, manuals, etc. |
|
| 700 | 1 | _aHarper, Charles A. | |
| 700 | 1 | _aSampson, Ronald N. | |
| 740 | 0 | _aElectronic materials & processes handbook. | |
| 907 |
_a.b10227520 _b26-01-07 _c26-01-07 |
||
| 003 | |||
| 005 | 20230123134343.0 | ||
| 040 | _cNUST | ||
| 942 | _cBOOKS | ||
| 999 |
_c164441 _d164441 |
||